000 02119nam a2200469 a 4500
008 110629e2018 sp al. f |||| 001 0 spa d
020 _a9788491132066
041 _aspa
092 _c575.1
_l85
_sTUR
100 1 _aTurnpenny, Peter
_936
245 _aEmery. Elementos de Genética Médica /
_cPeter Turnpenny
250 _a15a ed. en español de la obra original en inglés
_bTraducción Elsevier España
260 _aBarcelona:
_bElsevier;
_c2018.
300 _a399 p.
_bil.
500 _aTurnpenny, P. y Ellard, S. (2018). Emery. Elementos de genética médica. (15a ed.). Barcelona : Elsevier.
590 _aCompra FACIMED, Diciembre,2011.
653 _aHistoria y repercusión de la genética en la medicina
653 _aBases celulares y moleculares de la herencia
653 _aCromosomas y división celular
653 _aDeterminación de la causa de los trastornos monogénicos mediante la identificación de los genes causantes de las enfermedades
653 _aTécnicas de laboratorio para el diagnóstico de las enfermedades monogénicas
653 _aPatrones de herencia
653 _aGenética de poblaciones y matemática
653 _aCálculo de riesgos
653 _aGenética del desarrollo
653 _aEnfermedades frecuentes, genética poligénica y multifuncional
653 _aCribado de las enfermedades genéticas
653 _aHemoglobina y hemoglobinopatías
653 _aInmunogenética
653 _aGenética del cáncer y cáncer genético
653 _aFarmacogenética, medicina personalizada y tratamiento de las enfermedades
653 _aAnomalías congéticas, síndromes dismórficos y dificultades de aprendizaje
653 _aTrastornos cromosómicos
653 _aMetabolopatías congénitas
653 _aPrincipales trastornos monogénicos
653 _aPruebas prenatales y genética de la reproducción
653 _aAsesoramiento genético
653 _aAspectos éticos y legales en genética médica
653 _aApéndice: páginas web y bases de datos clínicas
700 1 _aEllard, Sian
_937
942 _2ddc
_cBK
999 _c3019
_d3019